00706nas a2200229Ia 4500001002300000003001000023008004100033040002500074041001300099100001600112210001200128222001200140245002700152250001100179260000900190501012300199300001400322362003200336500005700368650002900425700002200454dg53-2763 [d000002902]IT-MiCISF161014c99999999xx |||||||||||| ||und|| aIT-MiCISFcIT-MiCISF aITALIANO aPollo Mario aSe vuoi aSe vuoi 0aGiovani e tempo libero a1a ed. c1997 bCISF - Centro Internazionale Studi Famiglia - Via Giotto, 36 20145 MILANO (non commercial uses only)cCopyright 2016 app. 19-50 a n. 3, maggio-giugno [1997] a Tema: giovani, tempo-libero, educazione, esperienze aetà evolutivavdossier a Ciotti don Luigi